15 Questions sur la Révolution Française - Statistiques

Statistiques générales
  • Ce quiz a été pris 412 fois
  • Le résultat moyen est 9 sur 15
Statistiques - réponses
Hint Réponse % Correct
Quel personnage est souvent associé à la Terreur ? Robespierre
87%
Prison prise par le peuple Parisien au début de la Révolution Bastille
86%
Quel est la ville ou le Roi a été retrouvée lors de sa fuite ? Varennes
74%
En quelle année la Révolution se finit elle ? 1799
73%
Quel texte important est signé par l'Assemblée en Aout 1789 ? Déclaration des droits de l'Homme et du Citoyen
72%
Quel était le groupe politique qui siégeait a droite de l'Assemblée lors de la première Convention ? Les Girondins
63%
Quel était le groupe politique qui siégeait en haut de l'Assemblée lors de la première Convention ? Les Montagnards
63%
Qui a écris la Déclaration des Droits de la Femme et de la Citoyenne ? Olympe de Gouges
63%
Département dans lequel une insurrection populaire royaliste s'est déroulée Vendée
62%
Que se passe-t-il dans la nuit du 4 aout 1789 ? Abolition des privilèges
60%
Nom du dernier Régime politique de la Révolution Le Directoire
54%
Quel est la bataille que la France a miraculeusement gagnée face aux monarchies Européenne en Septembre 1792 Valmy
51%
Quel est le nom actuel de la place ou Louis XVI a été exécuté ? Concorde
38%
Quand débute la Révolution Française 5 mai 1789
30%
Dans quel prison la famille royale a été incarcérée ? Prison du Temple
27%
Aucun quiz correspondant
Distribution des résultats
% des personnes avec chaque résultat
Percentile par nombre de réponses
Votre historique - résultats
Vous n’avez pas pris ce quiz